000
00290nam a22001337a 4500
008
170222b xxu||||| |||| 00| 0 eng d
020
_a
9780781750035
041
_a
eng
080
_2
4 ED
_a
517
100
_a
5
101
_a
SHK
245
_a
GENERAL SURGERY
_c
LAWRENCE.P.F
942
_2
udc
_c
BK
999
_c
6115
_d
6115